[Event "January 26th an Indian Ripublicday..OPEN TURNAMENT"]
[Site "SchemingMind.com"]
[Date "2014.12.10"]
[Round "-"]
[White "chesshub"]
[Black "palberto63"]
[Result "1-0"]
[WhiteCountry "FRA"]
[BlackCountry "CUB"]
[WhiteElo "2484"]
[WhiteRD "74"]
[BlackElo "2305"]
[BlackRD "74"]
[GameID "371178"]

1. d4 Nf6 2. c4 e6 3. Nf3 b6 4. a3 Bb7 5. Nc3 d5 6. cxd5 Nxd5 7. Qc2 Nxc3 8. bxc3 Nd7 9. e4 c5 10. Bf4 cxd4
11. cxd4 Rc8 12. Qb3 Be7 13. Bd3 Nf6 14. Qb5+ Bc6 15. Qb1 O-O 16. O-O Qd7 17. Re1 Qb7 18. Bd2 h6 19. a4 Qa8 20. Ne5 Rfd8
21. Nxc6 Qxc6 22. Qb2 Ng4 23. e5 Nxf2 24. Kxf2 Rxd4 25. Qxd4 Bc5 26. Qxc5 Qxc5+ 27. Be3 Qxe5 28. Kg1 g5 29. Rad1 Qc7 30. Bb5 Rd8
31. Rc1 Qe7 32. Bf2 Rd5 33. Bg3 e5 34. h3 Kg7 35. Rc8 h5 36. Bc6 Rc5 37. Re8 Qc7 38. Bf3 f6 39. Bxh5 Qd7 40. Rd1 Rd5
41. Rf1 Rd2 42. Kh2 Rd5 43. Rc1 Rc5 44. Rd1 Rd5 45. Rf1 a5 46. Rf3 Rc5 47. Ra8 Qb7 48. Rd8 Rd5 49. Re8 Qd7 50. Rf1 Rc5
51. Ra8 Rc2 52. Bg4 Qb7 53. Bf3 e4 54. Rb8 Qc6 55. Bh5 e3 56. Bf3 e2 57. Re1 Qxa4 58. Bxe2 Qc6 59. Rd8 a4 60. Bd6 Rxe2
61. Rxe2 Kg6 62. Bg3 Qc4 63. Re7
1-0

[Event "January 26th an Indian Ripublicday..OPEN TURNAMENT"]
[Site "SchemingMind.com"]
[Date "2014.12.10"]
[Round "-"]
[White "palberto63"]
[Black "chesshub"]
[Result "1/2-1/2"]
[WhiteCountry "CUB"]
[BlackCountry "FRA"]
[WhiteElo "2302"]
[WhiteRD "69"]
[BlackElo "2484"]
[BlackRD "74"]
[GameID "371179"]

1. d4 Nf6 2. c4 e6 3. Nf3 d5 4. g3 dxc4 5. Bg2 Nc6 6. O-O Rb8 7. e3 b5 8. b3 cxb3 9. axb3 a6 10. Qe2 Be7
11. Bb2 O-O 12. Rc1 Bb7 13. Nbd2 Nb4 14. Ne5 Bxg2 15. Kxg2 Qd5+ 16. Qf3 Rfe8 17. Ba3 a5 18. Qxd5 Nfxd5 19. e4 Nf6 20. Kf3 h5
21. Bxb4 Bxb4 22. Nf1 Ra8 23. Rxc7 Rec8 24. Rb7 Bc3 25. Ra2 a4 26. Rxb5 axb3 27. Rxa8 Rxa8 28. Rxb3 Bxd4 29. Nc6 Bc5 30. Rb5 Ra3+
31. Ne3 Bxe3 32. fxe3 Ng4 33. Rxh5 Nxe3 34. Rb5 Nc4+ 35. Kf4 Ra2 36. Rb4 Rf2+ 37. Kg5 Ne3 38. Rb3 Nf1 39. h4 Kh7 40. e5 f5
41. exf6 gxf6+ 42. Kh5 Rf5+ 43. Kg4 Kh6 44. Ne7 Rf2 45. Rb6 Ne3+ 46. Kh3 Rf1 47. Kh2 Re1 48. Nc6 Kh5 49. Rb5+ e5 50. Nxe5 fxe5
51. Rxe5+ Kg4 52. Re4+ Kf5 53. Ra4 Rc1 54. Rf4+ Ke5 55. Ra4 Rc3 56. Ra5+ Kf6 57. Kh3 Rd3 58. Ra6+ Kf5 59. Ra5+=
1/2-1/2

[Event "January 26th an Indian Ripublicday..OPEN TURNAMENT"]
[Site "SchemingMind.com"]
[Date "2014.12.11"]
[Round "-"]
[White "jrsanpedro"]
[Black "Karsten Kjeldsen"]
[Result "0-1"]
[WhiteCountry "ARG"]
[BlackCountry "DEN"]
[WhiteElo "2133"]
[WhiteRD "64"]
[BlackElo "2280"]
[BlackRD "76"]
[GameID "371201"]

1. d4 d5 2. Nf3 Nf6 3. c4 e6 4. Nc3 Be7 5. Bf4 O-O 6. e3 Nbd7 7. Rc1 c5 8. dxc5 Nxc5 9. cxd5 Nxd5 10. Nxd5 exd5
11. a3 Bd7 12. Qxd5 Rc8 13. e4 Qe8 14. Qd4 Bc6 15. Nd2 Bb5 16. Rd1 Bxf1 17. Nxf1 Rd8 18. Qe3 Qb5 19. b4 Rxd1+ 20. Kxd1 Rd8+
0-1

[Event "January 26th an Indian Ripublicday..OPEN TURNAMENT"]
[Site "SchemingMind.com"]
[Date "2014.12.11"]
[Round "-"]
[White "Karsten Kjeldsen"]
[Black "jrsanpedro"]
[Result "1/2-1/2"]
[WhiteCountry "DEN"]
[BlackCountry "ARG"]
[WhiteElo "2280"]
[WhiteRD "76"]
[BlackElo "2133"]
[BlackRD "64"]
[GameID "371202"]

1. b3 e5 2. Bb2 Nc6 3. e3 Nf6 4. Bb5 Bd6 5. Na3 Na5 6. Be2 Be7 7. Nf3 e4 8. Ne5 d6 9. Ng4 O-O 10. Nxf6+ Bxf6
11. Bxf6 Qxf6 12. Nb5 Qg5 13. g3 Bd7 14. c4 Rfc8 15. O-O a6 16. Nc3 Bh3 17. Re1 Re8 18. b4 Nc6 19. b5 axb5 20. cxb5 Nd8
21. a4 b6=
1/2-1/2

[Event "January 26th an Indian Ripublicday..OPEN TURNAMENT"]
[Site "SchemingMind.com"]
[Date "2014.12.14"]
[Round "-"]
[White "Oskyrain"]
[Black "David Perna-Fraser"]
[Result "1/2-1/2"]
[WhiteCountry "ARG"]
[BlackCountry "CAN"]
[WhiteElo "2467"]
[WhiteRD "85"]
[BlackElo "2257"]
[BlackRD "56"]
[GameID "371210"]

1. c4 e5 2. Nc3 Nf6 3. Nf3 Nc6 4. g3 Bc5 5. Nxe5 Bxf2+ 6. Kxf2 Nxe5 7. e4 c5 8. d3 O-O 9. Bh3 d6 10. Bxc8 Rxc8
11. Rf1 h6 12. Bf4 Re8 13. Kg2 Ng6 14. a3 a6 15. a4 b6 16. b3 Re6 17. Qc2 Nxf4+ 18. Rxf4 Nd7 19. Nd5 Ne5 20. Raf1 Rb8
21. b4 a5 22. b5 Qg5 23. Rf5 Qd8 24. Qd2 Rg6 25. Qd1 Qd7 26. Nf4 Rg5 27. Rxg5 hxg5 28. Nd5 Qe6 29. h3 Rb7 30. Rf5 Qg6
31. Qd2 Qh6 32. h4 Qh5 33. Ne3 f6 34. hxg5 fxg5 35. d4 cxd4 36. Qxd4 Rf7 37. Rxf7 Qxf7 38. Qd5 g4 39. Kg1 Qxd5 40. cxd5 Kf7
41. Kf1 Ke7 42. Ke2 g6 43. Kd2 Kd8 44. Kc3 Kc7 45. Nc4 Nd7 46. Kd4 g5 47. e5 dxe5+ 48. Ke4 Nc5+ 49. Kxe5 Nxa4 50. Ke6 Kd8
51. d6 Nc5+ 52. Kd5 a4 53. Kc6 Ne4 54. Kxb6 a3 55. Nxa3 Nxg3 56. Kc6 Ne4 57. Nc4 g3 58. Ne5 g2 59. Nf7+ Ke8 60. d7+ Kxf7
61. d8=Q g1=Q 62. Qd5+ Kf6 63. Qxe4 g4=
1/2-1/2

[Event "January 26th an Indian Ripublicday..OPEN TURNAMENT"]
[Site "SchemingMind.com"]
[Date "2014.12.14"]
[Round "-"]
[White "David Perna-Fraser"]
[Black "Oskyrain"]
[Result "1/2-1/2"]
[WhiteCountry "CAN"]
[BlackCountry "ARG"]
[WhiteElo "2253"]
[WhiteRD "56"]
[BlackElo "2443"]
[BlackRD "99"]
[GameID "371211"]

1. e4 c5 2. Nf3 d6 3. d4 cxd4 4. Nxd4 Nf6 5. Nc3 a6 6. f3 e5 7. Nb3 Be6 8. Be3 Be7 9. Qd2 O-O 10. O-O-O Nbd7
11. g4 b5 12. g5 b4 13. gxf6 bxc3 14. Qxc3 Nxf6 15. Na5 Rc8 16. Nc6 Qd7 17. Nxe7+ Qxe7 18. Qa5 Rc6 19. Rg1 Rfc8 20. Kb1 d5
21. Bg5 dxe4 22. fxe4 Rxc2 23. Bxa6 R8c7 24. Rdf1 Qd7 25. Bxf6 Rxb2+ 26. Kxb2 Qd4+ 27. Kb1 Qxe4+=
1/2-1/2

[Event "January 26th an Indian Ripublicday..OPEN TURNAMENT"]
[Site "SchemingMind.com"]
[Date "2014.12.11"]
[Round "-"]
[White "Adrian Grajczak"]
[Black "HECTORBSUEIRO"]
[Result "1/2-1/2"]
[WhiteCountry "POL"]
[BlackCountry "ARG"]
[WhiteElo "2219"]
[WhiteRD "78"]
[BlackElo "2472"]
[BlackRD "137"]
[GameID "371217"]

1. e4 g6 2. d4 Bg7 3. Nc3 d6 4. f4 Nf6 5. Nf3 O-O 6. Bd3 Na6 7. O-O c5 8. d5 Bg4 9. Bc4 Nd7 10. h3 Bxf3
11. Rxf3 Nc7 12. a4 Rb8 13. a5 Re8 14. Bd2 b5 15. axb6 Nxb6 16. Bd3 Rb7 17. Rg3 e6 18. dxe6 Nxe6 19. Bb5 Nd7 20. Bc6 Rxb2
21. Rxa7 Qb6 22. Rb7 Qxc6 23. Rxb2 Nf6 24. Rb1 Nxe4 25. Nxe4 Qxe4 26. Rf3 d5 27. c3 c4 28. f5 gxf5 29. Qf1 Qc2 30. Qc1 Qxc1+
31. Rxc1 Be5 32. Rxf5 f6 33. g4 Nc5 34. Rd1 Ne4 35. Be1 Rd8 36. Rf3 Kf7 37. Kg2 Ke6 38. Ra1=
1/2-1/2

[Event "January 26th an Indian Ripublicday..OPEN TURNAMENT"]
[Site "SchemingMind.com"]
[Date "2014.12.11"]
[Round "-"]
[White "HECTORBSUEIRO"]
[Black "Adrian Grajczak"]
[Result "1-0"]
[WhiteCountry "ARG"]
[BlackCountry "POL"]
[WhiteElo "2472"]
[WhiteRD "137"]
[BlackElo "2219"]
[BlackRD "78"]
[GameID "371218"]

1. d4 d5 2. c4 e6 3. Nf3 dxc4 4. e3 a6 5. Bxc4 b5 6. Bd3 Nf6 7. a4 b4 8. e4 Bb7 9. e5 Nd5 10. O-O c5
11. Nbd2 Nc6 12. Ne4 Nxd4 13. Nxd4 cxd4 14. Bg5 Qd7 15. Rc1 h6 16. Bd2 Rd8 17. Qg4 h5 18. Qg3 h4 19. Qg4 h3 20. Nc5 Qc6
21. Nxa6 hxg2 22. Rfe1 Qxa4 23. Qe2 Bxa6 24. Bxa6 Rb8 25. Rc8+ Rxc8 26. Bb5+ Qxb5 27. Qxb5+ Kd8 28. Ra1 Rh5 29. Ra7 Nc7 30. Qb6 Rxe5
31. Rxc7 Rxc7 32. Qb8+ Kd7 33. Qxf8 Rf5 34. Qxb4 d3 35. Qa4+ Rc6 36. b4 Rd5 37. b5 Rcc5 38. b6+ Rb5 39. b7 Kc7 40. Qa7 Rxb7
41. Ba5+ Rxa5 42. Qxa5+ Kd7 43. Qa6 Rc7 44. Qxd3+ Kc8 45. Qb5 g6 46. Qe8+ Kb7 47. Kxg2 Kb6 48. Kf3 Kc5 49. Ke4 Kd6 50. Qb8 Kd7
51. Qf8 Kc6 52. Ke5
1-0

[Event "January 26th an Indian Ripublicday..OPEN TURNAMENT"]
[Site "SchemingMind.com"]
[Date "2014.12.16"]
[Round "-"]
[White "Jari Laine"]
[Black "Pinedev"]
[Result "1-0"]
[WhiteCountry "FIN"]
[BlackCountry "ISR"]
[WhiteElo "2382"]
[WhiteRD "81"]
[BlackElo "2376"]
[BlackRD "102"]
[GameID "371256"]

1. d4 Nf6 2. Nf3 g6 3. g3 Bg7 4. Bg2 O-O 5. O-O d6 6. a4 a5 7. Re1 Nbd7 8. e4 e5 9. Nc3 c6 10. h3 Re8
11. Be3 exd4 12. Bxd4 Qc7 13. Qd2 Ne5 14. Nh2 Nc4 15. Qc1 Be6 16. b3 Nb6 17. Qb2 Nh5 18. Bxg7 Nxg7 19. Rad1 Rad8 20. Nf1 Nd7
21. Ne2 f5 22. exf5 Nxf5 23. Qc3 Bf7 24. Nh2 Qb6 25. g4 Nh4 26. Rxd6 Nxg2 27. Kxg2 Bd5+ 28. Kf1 Qc7 29. Rxd5 Qxh2 30. Rdd1 Rf8
31. Qg3 Rxf2+ 32. Qxf2 Rf8 33. Qxf8+ Nxf8 34. Ng1 Qxc2 35. Rd8 Qxb3 36. Ree8 Qf7+ 37. Ke1 b5 38. axb5 cxb5 39. Ne2 b4 40. Nd4 Qf4
41. h4
1-0

[Event "January 26th an Indian Ripublicday..OPEN TURNAMENT"]
[Site "SchemingMind.com"]
[Date "2014.12.16"]
[Round "-"]
[White "Pinedev"]
[Black "Jari Laine"]
[Result "1/2-1/2"]
[WhiteCountry "ISR"]
[BlackCountry "FIN"]
[WhiteElo "2374"]
[WhiteRD "97"]
[BlackElo "2376"]
[BlackRD "82"]
[GameID "371257"]

1. d4 d5 2. c4 Nc6 3. Nc3 Nf6 4. Nf3 dxc4 5. Bg5 a6 6. d5 Na7 7. e4 Nb5 8. Qa4 Bd7 9. Qxc4 Nxc3 10. bxc3 h6
11. Bf4 b5 12. Qd3 e6 13. dxe6 Bxe6 14. Qc2 c5 15. Be2 Be7 16. O-O O-O 17. Rfd1 Qb6 18. c4 Rfd8 19. Nd2 Nd7 20. Rab1 b4
21. Be3 Ne5 22. f4 Nc6 23. Nf3 Rxd1+ 24. Rxd1 Rd8 25. Rxd8+ Qxd8 26. h3 Bd7 27. e5 a5 28. Qe4 Qc8 29. Bd3 g6 30. g4 Nd8
31. Bd2 Bc6 32. Qe3 Qb7 33. Kf2 Bxf3 34. Qxf3 Qd7 35. f5 Qd4+ 36. Qe3 Qxe3+ 37. Bxe3 Nc6 38. f6 Bd8 39. Bxc5 Nxe5 40. Ke3 Bxf6
41. Be2 Nd7 42. Bd6 Bg7 43. c5 Bf8 44. Bxf8 Kxf8 45. Kd4 Ke7 46. Kc4 Kd8 47. Kb5 Kc7 48. Bd3 Ne5 49. Be4 Nd7 50. Bc2 g5
51. Bb3 f6 52. Bc2 Nb8 53. Be4 Nd7 54. Bd5 Ne5 55. Kxa5 Nd3 56. Kb5 Nf4 57. Bf3 Nd3 58. Be4=
1/2-1/2

[Event "January 26th an Indian Ripublicday..OPEN TURNAMENT"]
[Site "SchemingMind.com"]
[Date "2014.12.17"]
[Round "-"]
[White "The Chess Machine"]
[Black "white bishop"]
[Result "1-0"]
[WhiteCountry "ENG"]
[BlackCountry "PHI"]
[WhiteElo "2505"]
[WhiteRD "114"]
[BlackElo "2102"]
[BlackRD "96"]
[GameID "371303"]

1. e4 c6 2. d3 d5 3. Nd2 Qc7 4. Ngf3 Bg4 5. h3 Bh5 6. g4 Bg6 7. Nh4 Nf6 8. Qe2 e5 9. f4 dxe4 10. Nxg6 hxg6
11. Nxe4 Be7 12. Nxf6+ gxf6 13. Bd2 exf4 14. O-O-O Nd7 15. Re1 Nf8 16. h4 Ne6 17. h5 g5 18. h6 O-O-O 19. Bg2 Rh7 20. Be4 Nd4
21. Qf2 f5 22. Qxd4 Rxd4 23. Bxf5+ Kb8 24. Bxh7 Rd8 25. Bc3 f6 26. Bg6 Rh8 27. h7 b6 28. Re4 f3 29. a3 c5 30. Kb1 f2
31. Re2 Bd8= 32. Rxf2 Qg7 33. Bf5 Qb7 34. Rfh2 Qf7 35. Rh6 Be7 36. Be4
1-0

[Event "January 26th an Indian Ripublicday..OPEN TURNAMENT"]
[Site "SchemingMind.com"]
[Date "2014.12.14"]
[Round "-"]
[White "white bishop"]
[Black "The Chess Machine"]
[Result "0-1"]
[WhiteCountry "PHI"]
[BlackCountry "ENG"]
[WhiteElo "2102"]
[WhiteRD "96"]
[BlackElo "2505"]
[BlackRD "114"]
[GameID "371304"]

1. b3 e5 2. Bb2 Nc6 3. e3 Nf6 4. c4 Be7 5. a3 O-O 6. Nc3 d5 7. cxd5 Nxd5 8. Qc2 Be6 9. Nf3 Nxc3 10. Bxc3 Qd6
11. Be2 f5 12. O-O e4 13. Nd4 Nxd4 14. Bxd4 c5 15. Bb2 Bd5 16. Rac1 Qe6 17. Bc4 Rad8 18. f3 exf3 19. Rxf3 b5 20. Bxd5 Rxd5
21. Rf2 Rfd8 22. Ba1 a6 23. Qb2 Bf6 24. Qc2 Bxa1 25. Rxa1 g6 26. a4 b4 27. Rc1 h5 28. a5 R8d6 29. Re2 Qe5 30. Rb1 Rd3
31. Rc1 R6d5 32. Rf1= Qd6 33. Rd1 Rc3 34. Qa2= Kh7 35. Kh1 c4 36. bxc4 Rdd3 37. e4 b3
0-1

[Event "January 26th an Indian Ripublicday..OPEN TURNAMENT"]
[Site "SchemingMind.com"]
[Date "2014.12.13"]
[Round "-"]
[White "PawnPusherPete"]
[Black "Professor"]
[Result "1/2-1/2"]
[WhiteCountry "ENG"]
[BlackCountry "USA"]
[WhiteElo "2419"]
[WhiteRD "89"]
[BlackElo "2502"]
[BlackRD "78"]
[GameID "371306"]

1. d4 Nf6 2. Nf3 e6 3. g3 b5 4. Qd3 a6 5. e4 Bb7 6. e5 Nd5 7. Bg2 d6 8. O-O Nd7 9. a4 b4 10. Nbd2 Be7
11. Nc4 a5 12. Re1 O-O 13. Nfd2 dxe5 14. Nb3 c6 15. dxe5 Ba6 16. Qd4 Bxc4 17. Qxc4 Qc7 18. Bf4 N7b6 19. Qe4 c5 20. Bd2 c4
21. Nd4 Rfd8 22. c3 Rac8 23. Qg4 g6 24. h4 h5 25. Qe2 Bc5 26. Bg5 Bxd4 27. Bxd8 Bxf2+ 28. Qxf2 Rxd8 29. cxb4 Nxb4 30. Bf1 Nd7
31. Rad1 Rb8 32. Qf4 Nc6 33. Rd2 Rb4 34. Bxc4 Ndxe5 35. b3 Qa7+ 36. Kh2 Nxc4 37. bxc4 Qe7 38. Rd6 Rxc4 39. Qxc4 Qxd6 40. Kh3 Nd4
41. Qc8+ Kg7 42. Qb7 Nf5 43. Qb2+= Kh7 44. Qe5 Qc6 45. Qxa5 Qf3 46. Qe5 Qg4+ 47. Kh2 Qxa4 48. Rc1 Qa2+ 49. Kh3 Qa6 50. Ra1 Qc6
51. Qf6 Nh6 52. Rf1 Qd7 53. Kg2 Qc7 54. Rf2 Qb7+ 55. Kg1 Nf5 56. Qe5 Qa7 57. Qc3 Nh6 58. Qf3 Kg8 59. Kg2 e5 60. Rb2 Nf5
61. Kh3 Qe3 62. Kg2 Kg7 63. Qxe3 Nxe3+ 64. Kf3 Nf5 65. Rb4 Kf6 66. Rb6+ Ke7 67. Ra6 Nd6 68. g4 hxg4+=
1/2-1/2

[Event "January 26th an Indian Ripublicday..OPEN TURNAMENT"]
[Site "SchemingMind.com"]
[Date "2014.12.13"]
[Round "-"]
[White "Professor"]
[Black "PawnPusherPete"]
[Result "1/2-1/2"]
[WhiteCountry "USA"]
[BlackCountry "ENG"]
[WhiteElo "2502"]
[WhiteRD "78"]
[BlackElo "2419"]
[BlackRD "89"]
[GameID "371307"]

1. e4 c5 2. Nc3 g6 3. g3 Nc6 4. Bg2 Bg7 5. d3 d6 6. Be3 Rb8 7. Qd2 b5 8. Nge2 b4 9. Nd1 Nd4 10. O-O e6
11. Nc1 Ne7 12. c3 bxc3 13. bxc3 Ndc6 14. Bh6 O-O 15. Bxg7 Kxg7 16. Ne3 Qb6 17. Nb3 a5 18. Ng4 Ng8 19. Qc2 Ba6 20. Rab1 Qc7
21. Rfd1 h5 22. Ne3 Nf6 23. f4 h4 24. Nd2 Rh8 25. Rxb8 Rxb8 26. Rb1 hxg3 27. hxg3 Ne7 28. Rxb8 Qxb8 29. Kf2 d5 30. e5 Nd7
31. c4 d4 32. Nef1 Qb4 33. Ne4 Nf5 34. g4 Nh4 35. Nd6 Nxg2 36. Kxg2 Bb7+ 37. Kg1 Kg8 38. a3 Qb6 39. Qh2 Qc6 40. Nd2 Ba8
41. Nb5 Qc8 42. Qh6 Qf8 43. Qxf8+ Kxf8 44. g5 Ke7 45. Nb3 a4 46. Nd2 Bc6 47. Nd6 Ba8 48. Kf2 Bc6 49. Kg3 Ba8 50. Nf1 Bc6
51. Nh2 Nb8 52. Nf3 Na6 53. Nd2 Nb8 54. N2e4 Bxe4 55. Nxe4 Na6 56. Kg4=
1/2-1/2

[Event "January 26th an Indian Ripublicday..OPEN TURNAMENT"]
[Site "SchemingMind.com"]
[Date "2014.12.13"]
[Round "-"]
[White "Till Plewe"]
[Black "Ramesh Panwar"]
[Result "1/2-1/2"]
[WhiteCountry "JPN"]
[BlackCountry "IND"]
[WhiteElo "2311"]
[WhiteRD "83"]
[BlackElo "2329"]
[BlackRD "52"]
[GameID "371322"]

1. e4 e5 2. Nf3 Nc6 3. Bb5 a6 4. Ba4 Nf6 5. Qe2 b5 6. Bb3 Be7 7. O-O O-O 8. c3 d5 9. d3 Bb7 10. Nbd2 d4
11. Rd1 Bc5 12. Nf1 Bc8 13. Ng3 Qd6 14. Bg5 dxc3 15. bxc3 Ng4 16. Nh1 h6 17. Bh4 Re8 18. Bg3 Qd7 19. Bd5 Bd6 20. d4 exd4
21. Nxd4 Nxd4 22. cxd4 c6 23. Bb3 Bf8 24. f3 Nf6 25. a4 Qb7 26. Nf2 Be6 27. Bxe6 Rxe6 28. Nd3 Nd7 29. Qb2 a5 30. Rac1 b4
31. Qb3 Rc8 32. Bf2 Ree8 33. Rc2 Bd6 34. Rdc1 Nf8 35. Be3 Ne6 36. f4 Qd7 37. Rc4 Nf8 38. Nf2 Bb8=
1/2-1/2

[Event "January 26th an Indian Ripublicday..OPEN TURNAMENT"]
[Site "SchemingMind.com"]
[Date "2014.12.13"]
[Round "-"]
[White "Ramesh Panwar"]
[Black "Till Plewe"]
[Result "1/2-1/2"]
[WhiteCountry "IND"]
[BlackCountry "JPN"]
[WhiteElo "2302"]
[WhiteRD "50"]
[BlackElo "2311"]
[BlackRD "79"]
[GameID "371323"]

1. d4 Nf6 2. c4 g6 3. Nc3 Bg7 4. e4 d6 5. Nf3 O-O 6. Be2 e5 7. dxe5 dxe5 8. O-O Nc6 9. Qxd8 Rxd8 10. Bg5 Rf8
11. Bd3 h6 12. Be3 Bg4 13. Nd5 Rfc8 14. Nd2 Nd7 15. b4 Bf8 16. a3 Nd4 17. f3 Be6 18. f4 a5 19. c5 axb4 20. axb4 c6
21. Rxa8 Rxa8 22. fxe5 Nxe5 23. Bxd4 Nxd3 24. Nf6+ Kh8 25. Ne8+ Kg8 26. Nf6+ Kh8 27. Ne8+=
1/2-1/2

[Event "January 26th an Indian Ripublicday..OPEN TURNAMENT"]
[Site "SchemingMind.com"]
[Date "2015.03.05"]
[Round "-"]
[White "Ramesh Panwar"]
[Black "The Chess Machine"]
[Result "1/2-1/2"]
[WhiteCountry "IND"]
[BlackCountry "ENG"]
[WhiteElo "2342"]
[WhiteRD "55"]
[BlackElo "2450"]
[BlackRD "99"]
[GameID "375735"]

1. e4 e6 2. d4 d5 3. Nc3 Bb4 4. exd5 exd5 5. Nf3 Ne7 6. a3 Bxc3+ 7. bxc3 O-O 8. Bd3 Bf5 9. O-O Nbc6 10. c4 Bxd3
11. Qxd3 dxc4 12. Qxc4 Qd5 13. Qxd5 Nxd5 14. c4 Nb6 15. Rb1 f6 16. Bf4 Nxc4 17. Rxb7 Nxa3 18. Rc1 Na5 19. Rb4 Rfb8 20. Ra4 N5c4
21. Bxc7 Rb7 22. Ba5=
1/2-1/2

[Event "January 26th an Indian Ripublicday..OPEN TURNAMENT"]
[Site "SchemingMind.com"]
[Date "2015.03.05"]
[Round "-"]
[White "The Chess Machine"]
[Black "Ramesh Panwar"]
[Result "1/2-1/2"]
[WhiteCountry "ENG"]
[BlackCountry "IND"]
[WhiteElo "2450"]
[WhiteRD "99"]
[BlackElo "2342"]
[BlackRD "55"]
[GameID "375736"]

1. e4 e5 2. Nf3 Nc6 3. Bb5 a6 4. Bxc6 dxc6 5. O-O Bg4 6. h3 Bh5 7. d3 Bd6 8. Be3 f6 9. c3 c5 10. Nbd2 Ne7
11. a3 O-O 12. b4 cxb4 13. axb4 Qd7 14. Nc4 Rfd8 15. Nfxe5 Bxe5 16. Nxe5 Bxd1 17. Nxd7 Be2 18. Rfe1 Rxd7 19. Rxe2 Rxd3 20. b5 a5
21. c4 Rc3 22. Ra4 Rb3 23. Rd2 Ng6=
1/2-1/2

[Event "January 26th an Indian Ripublicday..OPEN TURNAMENT"]
[Site "SchemingMind.com"]
[Date "2015.04.19"]
[Round "-"]
[White "Karsten Kjeldsen"]
[Black "HECTORBSUEIRO"]
[Result "1/2-1/2"]
[WhiteCountry "DEN"]
[BlackCountry "ARG"]
[WhiteElo "2286"]
[WhiteRD "80"]
[BlackElo "2462"]
[BlackRD "93"]
[GameID "378863"]

1. d4 Nf6 2. c4 g6 3. Nc3 Bg7 4. e4 d6 5. Nf3 O-O 6. Be2 e5 7. O-O Nc6 8. d5 Ne7 9. h3 Nd7 10. Be3 f5
11. Bd3 Nf6 12. exf5 Nxf5 13. Bg5 Qd7 14. Re1 Qf7 15. Bd2 Nd4 16. Ng5 Qe7 17. Nb5 Nf5 18. Rc1 a6 19. Nc3 b6 20. b4 a5
21. bxa5 Rxa5 22. Nf3 Ra3 23. Rc2 Qd8 24. Qc1 Ra8 25. Rb2 Nd7 26. Ne4 Nc5 27. Nxc5 bxc5 28. Qc2 Qf6 29. Bg5 Qf7 30. Be4=
1/2-1/2

[Event "January 26th an Indian Ripublicday..OPEN TURNAMENT"]
[Site "SchemingMind.com"]
[Date "2015.04.19"]
[Round "-"]
[White "HECTORBSUEIRO"]
[Black "Karsten Kjeldsen"]
[Result "1-0"]
[WhiteCountry "ARG"]
[BlackCountry "DEN"]
[WhiteElo "2403"]
[WhiteRD "86"]
[BlackElo "2298"]
[BlackRD "80"]
[GameID "378864"]

1. d4 d5 2. Nf3 Nf6 3. c4 e6 4. Nc3 Be7 5. Bg5 O-O 6. e3 h6 7. Bh4 b6 8. Qa4 Bd7 9. Qc2 Bc6 10. Bxf6 Bxf6
11. cxd5 exd5 12. Bd3 Bb7 13. O-O Re8 14. Rfd1 a5 15. Rac1 Na6 16. a3 c6 17. e4 Nc7 18. e5 Be7 19. Ne2 c5 20. dxc5 bxc5
21. Nf4 Qb8 22. Bh7+ Kh8 23. Bf5 c4 24. Bd7 Rf8 25. Re1 Bc5 26. Rcd1 Qd8 27. Bf5 Ra6 28. b3 c3 29. Qxc3 Bxa3 30. Bb1 Bb4
31. Qc2 g6 32. e6 Rc6 33. Nxg6+ Kg7 34. Qf5 fxe6 35. Qg4 Rf6 36. Re2 Rd6 37. Nfe5
1-0

[Event "January 26th an Indian Ripublicday..OPEN TURNAMENT"]
[Site "SchemingMind.com"]
[Date "2015.05.27"]
[Round "-"]
[White "Professor"]
[Black "David Perna-Fraser"]
[Result "1-0"]
[WhiteCountry "USA"]
[BlackCountry "CAN"]
[WhiteElo "2530"]
[WhiteRD "87"]
[BlackElo "2316"]
[BlackRD "62"]
[GameID "381222"]

1. e4 e5 2. Nf3 Nf6 3. Nxe5 d6 4. Nf3 Nxe4 5. Nc3 Nxc3 6. dxc3 Be7 7. Bf4 O-O 8. Qd2 Nd7 9. O-O-O Nc5 10. h4 Bf6
11. Be3 b6 12. Kb1 Bb7 13. Bc4 Qd7 14. Ng5 Qg4 15. Bd4 Be5 16. f3 Qf4 17. Qe2 h6 18. Be3 Qf5 19. g4 Qf6 20. Rhf1 hxg5
21. hxg5 Qg6 22. f4 Ne4 23. f5 Qh7 24. g6 Qh3 25. gxf7+ Rxf7 26. Bxf7+ Kxf7 27. Qc4+ Kf8 28. Qxc7 Bd5 29. Rfe1 Bg3 30. Bd4 Qxg4
31. Rg1 Re8 32. b3 Re7 33. Qb8+ Kf7 34. Kb2 Bc6 35. Qd8 d5 36. Qc8 Bd7 37. Qa8 Bxf5 38. Qxd5+ Kg6 39. Rdf1 Qg5 40. Qc6+ Re6
41. Qa8 Re7 42. Rf3 Bg4 43. Rf8
1-0

[Event "January 26th an Indian Ripublicday..OPEN TURNAMENT"]
[Site "SchemingMind.com"]
[Date "2015.05.27"]
[Round "-"]
[White "David Perna-Fraser"]
[Black "Professor"]
[Result "0-1"]
[WhiteCountry "CAN"]
[BlackCountry "USA"]
[WhiteElo "2316"]
[WhiteRD "62"]
[BlackElo "2530"]
[BlackRD "87"]
[GameID "381223"]

1. e4 e5 2. Nf3 Nc6 3. Bc4 Nf6 4. Ng5 d5 5. exd5 Na5 6. Bb5+ c6 7. dxc6 bxc6 8. Be2 h6 9. Nf3 e4 10. Ne5 Bc5
11. c3 Bd6 12. f4 exf3 13. Nxf3 O-O 14. O-O Re8 15. d4 c5 16. Kh1 cxd4 17. Nxd4 Bb7 18. Nf5 Bc7 19. Nd2 Re5 20. Ng3 Qe8
21. Rxf6 gxf6 22. Nf3 Rd8 23. Nd4 Nc6 24. Bf4 Nxd4 25. cxd4 Rxe2 26. Nxe2 Qc6 27. Qg1 Re8 28. d5 Qd7 29. Qf2 Rxe2 30. Qxe2 Bxf4
31. Rd1 Bc7 32. Qh5 Qd6 33. Qxh6 Bxd5 34. Qh3 Qe6 35. Qxe6 fxe6 36. b4 Kf7 37. a4 f5 38. Rc1 Bb6 39. h4 Bd4 40. b5 e5
41. Rc7+ Kf6 42. h5 e4 43. h6 e3 44. h7 Kg6 45. Rc6+ Bxc6 46. bxc6 e2
0-1

[Event "January 26th an Indian Ripublicday..OPEN TURNAMENT"]
[Site "SchemingMind.com"]
[Date "2015.06.05"]
[Round "-"]
[White "chesshub"]
[Black "Jari Laine"]
[Result "1-0"]
[WhiteCountry "FRA"]
[BlackCountry "FIN"]
[WhiteElo "2525"]
[WhiteRD "71"]
[BlackElo "2284"]
[BlackRD "78"]
[GameID "381633"]

1. e4 e5 2. Nf3 Nc6 3. Bb5 a6 4. Ba4 Nf6 5. O-O Be7 6. Re1 b5 7. Bb3 d6 8. c3 O-O 9. h3 Na5 10. Bc2 d5
11. d4 Nxe4 12. Nxe5 f6 13. Nd3 Bd6 14. Nd2 Re8 15. Nc5 Bxc5 16. dxc5 Nxd2 17. Bxd2 Rxe1+ 18. Qxe1 Qd7 19. a4 bxa4 20. Rxa4 Nc6
21. Rh4 g6 22. c4 dxc4 23. Rxc4 Qf7 24. Rf4 Rb8 25. Bc3 Qe7 26. Re4 Qxc5 27. Ba4 Bd7 28. Bxf6 Qf5 29. Bc3
1-0

[Event "January 26th an Indian Ripublicday..OPEN TURNAMENT"]
[Site "SchemingMind.com"]
[Date "2015.06.05"]
[Round "-"]
[White "Jari Laine"]
[Black "chesshub"]
[Result "0-1"]
[WhiteCountry "FIN"]
[BlackCountry "FRA"]
[WhiteElo "2284"]
[WhiteRD "78"]
[BlackElo "2525"]
[BlackRD "71"]
[GameID "381634"]

1. d4 Nf6 2. c4 e6 3. Nf3 b6 4. g3 Ba6 5. Nbd2 Bb7 6. Bg2 c5 7. e4 cxd4 8. O-O d6 9. Nxd4 Qd7 10. Qe2 Be7
11. N2b3 O-O 12. Rd1 Nc6 13. Nxc6 Qxc6 14. Nd4 Qc7 15. Nb5 Qc6 16. Bf4 Rfd8 17. Bxd6 Bxd6 18. Nxd6 Rxd6 19. Rxd6 Qxd6 20. e5 Qe7
21. exf6 gxf6 22. Bxb7 Qxb7 23. Rd1 Rc8 24. Rd4 Qc7 25. Qd3 h6 26. b3 Qe5 27. Rh4 Kg7 28. Qd7 Qc5 29. a4 h5
0-1

[Event "January 26th an Indian Ripublicday..OPEN TURNAMENT"]
[Site "SchemingMind.com"]
[Date "2015.07.06"]
[Round "-"]
[White "Ramesh Panwar"]
[Black "HECTORBSUEIRO"]
[Result "1/2-1/2"]
[WhiteCountry "IND"]
[BlackCountry "ARG"]
[WhiteElo "2377"]
[WhiteRD "57"]
[BlackElo "2388"]
[BlackRD "82"]
[GameID "383014"]

1. d4 Nf6 2. c4 d6 3. Nc3 g6 4. Nf3 Bg7 5. e4 O-O 6. Be2 e5 7. dxe5 dxe5 8. O-O Nc6 9. Bg5 Qxd1 10. Rfxd1 Bg4
11. Rac1 Nd4 12. Nxd4 exd4 13. Rxd4 Bxe2 14. Nxe2 c5 15. Rd3 Nxe4 16. Be3 Bxb2 17. Rb1 Bd4 18. Nxd4 cxd4 19. Rxd4 Nc3 20. Rb2 Rfd8
21. Rxd8+ Rxd8 22. g3 b6 23. Rb3 Ne4=
1/2-1/2